[Event "Autumn Tournament 2014 "]
[Site "SchemingMind.com"]
[Date "2014.10.12"]
[Round "-"]
[White "fanfan_la_Tulipe"]
[Black "bobbassbone"]
[Result "1-0"]
[WhiteCountry "AUT"]
[BlackCountry "ENG"]
[WhiteElo "2076"]
[WhiteRD "73"]
[BlackElo "1590"]
[BlackRD "56"]
[GameID "366982"]

1. d4 c6 2. c4 d5 3. Nf3 Nf6 4. Nc3 dxc4 5. a4 Bf5 6. Ne5 e6 7. f3 Bb4 8. e4 Bg6 9. Nxg6 hxg6 10. Bxc4 Nbd7
11. Qb3 Bxc3+ 12. bxc3 Nb6 13. Bd3 Qc7 14. g3 Nh5 15. Rg1 Nxg3 16. hxg3 Rh3 17. Bf4 Qd8 18. a5
1-0

[Event "Autumn Tournament 2014 "]
[Site "SchemingMind.com"]
[Date "2014.10.12"]
[Round "-"]
[White "bobbassbone"]
[Black "fanfan_la_Tulipe"]
[Result "0-1"]
[WhiteCountry "ENG"]
[BlackCountry "AUT"]
[WhiteElo "1590"]
[WhiteRD "56"]
[BlackElo "2076"]
[BlackRD "73"]
[GameID "366983"]

1. d4 d5 2. Bf4 c5 3. c3 Nc6 4. e3 Nf6 5. Nd2 e6 6. Ngf3 Bd6 7. Bg3 O-O 8. Bd3 Qe7 9. Ne5 Nd7 10. Qh5 g6
11. Bxg6 fxg6 12. Nxg6 Qf7 13. Bxd6 hxg6 14. Qe2 Re8 15. h4 cxd4 16. exd4 e5 17. h5 exd4
0-1

[Event "Autumn Tournament 2014 "]
[Site "SchemingMind.com"]
[Date "2014.10.15"]
[Round "-"]
[White "Scooter"]
[Black "fanfan_la_Tulipe"]
[Result "0-1"]
[WhiteCountry "USA"]
[BlackCountry "AUT"]
[WhiteElo "1761"]
[WhiteRD "48"]
[BlackElo "2076"]
[BlackRD "73"]
[GameID "367177"]

1. d4 d5 2. Nf3 c6 3. Bf4 Nf6 4. e3 Bg4 5. Be2 Qb6 6. b3 e6 7. O-O Nbd7 8. Nbd2 Be7 9. h3 Bh5 10. c4 O-O
11. c5 Qd8 12. Ne5 Bxe2 13. Qxe2 Nxe5 14. Bxe5 Nd7 15. b4 f6 16. Bg3 e5 17. dxe5 fxe5 18. Nf3 e4 19. Nd4 Rf7 20. a4 a5
21. b5 cxb5 22. Qxb5 Nxc5
0-1

[Event "Autumn Tournament 2014 "]
[Site "SchemingMind.com"]
[Date "2014.10.15"]
[Round "-"]
[White "fanfan_la_Tulipe"]
[Black "Scooter"]
[Result "1/2-1/2"]
[WhiteCountry "AUT"]
[BlackCountry "USA"]
[WhiteElo "2064"]
[WhiteRD "78"]
[BlackElo "1759"]
[BlackRD "48"]
[GameID "367178"]

1. d4 Nf6 2. c4 g6 3. Nc3 Bg7 4. e4 d6 5. f3 O-O 6. Be3 e5 7. Nge2 exd4 8. Nxd4 Re8 9. Be2 b6 10. Qd2 Bb7
11. O-O Nc6 12. Rad1 Nxd4 13. Bxd4 a6 14. Rfe1 Nd7 15. Nd5 Bxd5 16. cxd5 Bxd4+ 17. Qxd4 Qf6 18. Qxf6 Nxf6 19. Rc1 Re7 20. Kf2 b5
21. Rc6 h5 22. Rec1 Ra7 23. b4 Kg7 24. g3 Ne8 25. Ke3 f5 26. Kd4 fxe4 27. fxe4 Nf6 28. Bd3 Ng4 29. R6c2 Ne5 30. Be2 Kf6
31. h3 Kg5 32. Rf1 Rf7 33. Rcc1 Rxf1 34. Rxf1 Ra8 35. h4+ Kh6 36. Rc1=
1/2-1/2

[Event "Autumn Tournament 2014 "]
[Site "SchemingMind.com"]
[Date "2014.10.15"]
[Round "-"]
[White "Scooter"]
[Black "bobbassbone"]
[Result "1-0"]
[WhiteCountry "USA"]
[BlackCountry "ENG"]
[WhiteElo "1752"]
[WhiteRD "44"]
[BlackElo "1638"]
[BlackRD "57"]
[GameID "367179"]

1. d4 c6 2. Nf3 d5 3. Bf4 Nf6 4. e3 Bg4 5. Be2 e6 6. O-O Bd6 7. Bxd6 Qxd6 8. c3 Nbd7 9. Nbd2 h5 10. h3 Bxf3
11. Bxf3 g5 12. e4 g4 13. e5 Nxe5 14. dxe5 Qxe5 15. Re1 Qg5 16. h4 Qxh4 17. g3 Qg5 18. Bg2 h4 19. Qe2 hxg3 20. fxg3 O-O-O
21. Qe3 Qh5 22. Qe5 Qh2+ 23. Kf2 Ne4+ 24. Nxe4 Qh6 25. Nd6+ Rxd6 26. Qxd6 Qd2+ 27. Re2 Qg5 28. Qe5
1-0

[Event "Autumn Tournament 2014 "]
[Site "SchemingMind.com"]
[Date "2014.10.16"]
[Round "-"]
[White "bobbassbone"]
[Black "Scooter"]
[Result "0-1"]
[WhiteCountry "ENG"]
[BlackCountry "USA"]
[WhiteElo "1638"]
[WhiteRD "57"]
[BlackElo "1752"]
[BlackRD "44"]
[GameID "367180"]

1. d4 Nf6 2. Bf4 g6 3. e3 Bg7 4. c3 O-O 5. Nd2 d6 6. Be2 Nbd7 7. Ngf3 Re8 8. h4 Nd5 9. Bh2 e5 10. dxe5 dxe5
11. Nc4 N5b6 12. Qc2 Nxc4 13. Bxc4 a6 14. O-O-O Qe7 15. Ng5 Rf8 16. Ne4 Qxh4 17. Bxe5 Qe7 18. Bxc7 Nc5 19. Bd6 Qxe4 20. Bxf8 Qxc2+
21. Kxc2 Bf5+ 22. Kc1 Bxf8 23. Rh4 Be7 24. Bd5 Nd3+
0-1

[Event "Autumn Tournament 2014 "]
[Site "SchemingMind.com"]
[Date "2014.10.21"]
[Round "-"]
[White "smothered mate"]
[Black "Scooter"]
[Result "1-0"]
[WhiteCountry "POL"]
[BlackCountry "USA"]
[WhiteElo "2001"]
[WhiteRD "72"]
[BlackElo "1759"]
[BlackRD "48"]
[GameID "367209"]

1. e4 c6 2. d4 d5 3. exd5 cxd5 4. c4 Nf6 5. Nf3 Bg4 6. Nc3 e6 7. cxd5 Bxf3 8. Qxf3 Nxd5 9. Bb5+ Nc6 10. O-O Be7
11. Nxd5 Qxd5 12. Qxd5 exd5 13. Re1 a6 14. Ba4 b5 15. Bb3 Rd8 16. Bg5 f6 17. Be3 O-O 18. Rac1 Nb4 19. Rc7 Nd3 20. Re2 Bd6
21. Rc6 Bf4 22. Rxa6 Bxe3 23. fxe3 Rfe8 24. Rb6 Rc8 25. Bxd5+ Kf8 26. h3 Nf4 27. exf4 Rxe2 28. Rxb5 Rd2 29. Bb7 Rc1+ 30. Kh2 Rxd4
31. f5 Rc2 32. a3 Rd8 33. a4 Rb8 34. a5
1-0

[Event "Autumn Tournament 2014 "]
[Site "SchemingMind.com"]
[Date "2014.10.21"]
[Round "-"]
[White "Scooter"]
[Black "smothered mate"]
[Result "0-1"]
[WhiteCountry "USA"]
[BlackCountry "POL"]
[WhiteElo "1761"]
[WhiteRD "48"]
[BlackElo "1946"]
[BlackRD "75"]
[GameID "367210"]

1. d4 Nf6 2. Nf3 c5 3. c4 g6 4. Nc3 Bg7 5. Bg5 O-O 6. e3 cxd4 7. exd4 d6 8. Be2 Bg4 9. O-O Nbd7 10. h3 Bxf3
11. Bxf3 Rb8 12. Re1 Qc7 13. b3 h6 14. Bxf6 Nxf6 15. Nd5 Nxd5 16. Bxd5 e5 17. dxe5 Bxe5 18. Qd2 Bxa1 19. Rxa1 Kh7 20. Re1 Rbe8
21. Kf1 Re5
0-1

[Event "Autumn Tournament 2014 "]
[Site "SchemingMind.com"]
[Date "2014.10.21"]
[Round "-"]
[White "smothered mate"]
[Black "fanfan_la_Tulipe"]
[Result "0-1"]
[WhiteCountry "POL"]
[BlackCountry "AUT"]
[WhiteElo "1887"]
[WhiteRD "63"]
[BlackElo "2088"]
[BlackRD "75"]
[GameID "367211"]

1. e4 c5 2. Nf3 e6 3. c3 d5 4. exd5 Qxd5 5. d4 Nf6 6. Be3 Nc6 7. c4 Qd8 8. Nc3 cxd4 9. Nxd4 Nxd4 10. Bxd4 Be7
11. Be2 O-O 12. O-O Qa5 13. Qc2 e5 14. Be3 Be6 15. b3 Rac8 16. Rad1 b5 17. Ne4 bxc4 18. bxc4 Nxe4 19. Qxe4 f5 20. Qb1 Kh8
21. Qb5 Qxb5 22. cxb5 Rc2 23. Rd2 Rxd2 24. Bxd2 Rc8 25. Rc1 Rxc1+ 26. Bxc1 Bc5 27. a4 Kg8 28. a5 Kf7 29. b6 axb6 30. a6 Bd5
31. Be3 Bxe3 32. fxe3 Ke6 33. a7 Kd6 34. e4 fxe4 35. Kf2 Kc5 36. Bg4 b5 37. Be6 Ba8 38. Ke3 Kb6 39. Bf5 Kxa7 40. Bxh7 Kb6
41. Bg8 Kc5 42. g4 Bd5 43. Bh7 b4 44. Bxe4 Bxe4 45. Kxe4 b3 46. Kd3 e4+ 47. Kc3 e3
0-1

[Event "Autumn Tournament 2014 "]
[Site "SchemingMind.com"]
[Date "2014.10.21"]
[Round "-"]
[White "fanfan_la_Tulipe"]
[Black "smothered mate"]
[Result "0-1"]
[WhiteCountry "AUT"]
[BlackCountry "POL"]
[WhiteElo "2104"]
[WhiteRD "74"]
[BlackElo "1936"]
[BlackRD "67"]
[GameID "367212"]

1. d4 d5 2. c4 e6 3. Nc3 c5 4. cxd5 exd5 5. Nf3 Nc6 6. g3 c4 7. Bg2 Bb4 8. O-O Nge7 9. e4 O-O 10. exd5 Nxd5
11. Nxd5 Qxd5 12. Ne5 Qb5 13. a4 Qa6 14. Nxc6 bxc6 15. Qf3 Bb7 16. Be3 Rad8 17. Qg4 Rd6 18. Be4 Qa5 19. Qh4 f5 20. Bc2 Qd5
21. f3 Re6 22. Bc1 Rfe8 23. Qf4 Rf6 24. Bd2 Bd6 25. Qh4 Re2 26. Rad1 h6
0-1

[Event "Autumn Tournament 2014 "]
[Site "SchemingMind.com"]
[Date "2014.10.21"]
[Round "-"]
[White "smothered mate"]
[Black "bobbassbone"]
[Result "1-0"]
[WhiteCountry "POL"]
[BlackCountry "ENG"]
[WhiteElo "1899"]
[WhiteRD "92"]
[BlackElo "1638"]
[BlackRD "57"]
[GameID "367213"]

1. e4 c6 2. d4 d5 3. exd5 cxd5 4. c4 dxc4 5. Bxc4 Nf6 6. Nc3 Bf5 7. Qb3 e6 8. Qxb7 Nbd7 9. Nb5 Bd6 10. Nxd6+ Kf8
11. b3 Bg6 12. Ba3 Kg8 13. Ne2 h6 14. Nf4 Bh7 15. Nxf7
1-0

[Event "Autumn Tournament 2014 "]
[Site "SchemingMind.com"]
[Date "2014.10.21"]
[Round "-"]
[White "bobbassbone"]
[Black "smothered mate"]
[Result "0-1"]
[WhiteCountry "ENG"]
[BlackCountry "POL"]
[WhiteElo "1590"]
[WhiteRD "56"]
[BlackElo "1946"]
[BlackRD "75"]
[GameID "367214"]

1. d4 f5 2. Bf4 Nf6 3. e3 d6 4. c3 Nbd7 5. Nf3 e6 6. Nbd2 Be7 7. Bd3 O-O 8. h3 a6 9. Qb3 d5 10. Qc2 Ne4
11. Ne5 Bh4 12. g3 Be7 13. O-O-O c5 14. f3 Nf2 15. g4 c4 16. gxf5 Nxe5 17. Bxe5 Nxd3+ 18. Kb1 exf5 19. Rdg1 Bf6 20. Bxf6 Rxf6
21. h4 Qa5 22. Rg5 Rb6 23. b4 Qa3 24. Nb3 cxb3 25. Qxb3 Qxb3+ 26. axb3 f4
0-1

[Event "Autumn Tournament 2014 "]
[Site "SchemingMind.com"]
[Date "2014.10.21"]
[Round "-"]
[White "cirovicz"]
[Black "smothered mate"]
[Result "0-1"]
[WhiteCountry "SRB"]
[BlackCountry "POL"]
[WhiteElo "1727"]
[WhiteRD "120"]
[BlackElo "1899"]
[BlackRD "92"]
[GameID "367222"]

1. e4 e6 2. d4 d5 3. Nc3 dxe4 4. Nxe4 Nd7 5. Nf3 Ngf6 6. Neg5 h6 7. Nh3 g5 8. Ne5 Bg7 9. Bxg5 hxg5 10. Nxg5 Nxe5
11. dxe5 Nd5 12. Nf3 Bd7 13. Bc4 Bc6 14. Qd2 Qe7 15. O-O-O Bh6
0-1

[Event "Autumn Tournament 2014 "]
[Site "SchemingMind.com"]
[Date "2014.10.21"]
[Round "-"]
[White "smothered mate"]
[Black "cirovicz"]
[Result "1-0"]
[WhiteCountry "POL"]
[BlackCountry "SRB"]
[WhiteElo "1946"]
[WhiteRD "75"]
[BlackElo "1760"]
[BlackRD "96"]
[GameID "367223"]

1. e4 c5 2. Nf3 Nc6 3. d4 cxd4 4. Nxd4 e5 5. Nb5 a6 6. N5c3 Bb4 7. a3 Bxc3+ 8. Nxc3 Nf6 9. Bc4 b5 10. Bb3 Nd4
11. Ba2 Bb7 12. f3 d5 13. exd5 Nxd5 14. Nxd5 Bxd5 15. Bxd5 Qxd5 16. c3 Qc4 17. cxd4 O-O 18. Qe2 Qxd4 19. Be3 Qh4+ 20. Bf2 Qg5
21. O-O Rfe8 22. Qe3 Qf5 23. Rfe1 Rac8 24. Rac1 Rcd8 25. Qe4 Qf6 26. Rc6 Qg5 27. Be3 Qh5 28. Bb6 Rc8 29. Qxe5 Qxe5 30. Rxe5 f6
31. Rxe8+
1-0

[Event "Autumn Tournament 2014 "]
[Site "SchemingMind.com"]
[Date "2014.10.16"]
[Round "-"]
[White "cirovicz"]
[Black "Scooter"]
[Result "1-0"]
[WhiteCountry "SRB"]
[BlackCountry "USA"]
[WhiteElo "1760"]
[WhiteRD "96"]
[BlackElo "1761"]
[BlackRD "48"]
[GameID "367224"]

1. e4 c6 2. d4 d5 3. Nc3 dxe4 4. Nxe4 Bf5 5. Ng3 Bg6 6. Nf3 Nd7 7. Bf4 Ngf6 8. c3 e6 9. Bc4 Nd5 10. Bg5 Be7
11. Qc1 Bxg5 12. Qxg5 Qxg5 13. Nxg5 O-O 14. Bxd5 exd5 15. O-O-O Rfe8 16. Rhe1 h6 17. Nf3 Kf8 18. Rxe8+ Rxe8 19. Re1= Rxe1+ 20. Nxe1 Nf6
21. Nf3 Ng4 22. Ne5 Nxf2 23. Nxg6+ fxg6 24. Kd2 Kf7 25. h3 Kf6 26. Ke2 Ne4 27. Nxe4+ dxe4 28. Ke3 Kf5 29. g3 h5 30. c4 g5
31. g4+ hxg4 32. hxg4+ Kxg4 33. Kxe4 Kh3 34. d5 g4 35. d6 g3 36. d7 g2 37. d8=Q g1=Q 38. Qh8+ Kg3 39. Qxg7+ Kf2 40. Qxg1+ Kxg1
41. a4 Kf2 42. b4 Ke2 43. b5 Kd2 44. bxc6 bxc6 45. c5 Kc3 46. Ke5
1-0

[Event "Autumn Tournament 2014 "]
[Site "SchemingMind.com"]
[Date "2014.10.16"]
[Round "-"]
[White "Scooter"]
[Black "cirovicz"]
[Result "1-0"]
[WhiteCountry "USA"]
[BlackCountry "SRB"]
[WhiteElo "1761"]
[WhiteRD "48"]
[BlackElo "1760"]
[BlackRD "96"]
[GameID "367225"]

1. d4 Nf6 2. Nf3 e6 3. Bf4 c5 4. e3 d5 5. c3 Nc6 6. Bb5 a6 7. Bxc6+ bxc6 8. O-O c4 9. Nbd2 Bd6 10. Bxd6 Qxd6
11. Re1 O-O 12. Qc2 h6 13. e4 dxe4 14. Nxe4 Nxe4 15. Rxe4 f5 16. Re5 Bd7 17. Rc5 g5 18. Rxc4 Rfb8 19. Ne5 Rb6 20. Re1 Rab8
21. b3 Qe7 22. Qe2 Re8 23. Nxd7 Qxd7 24. Rc5 Rb5 25. Qe5 Rxc5 26. Qxc5 Qd5 27. Re5 Qxc5 28. Rxc5 Rc8 29. f3 Kf7 30. a3 Ke7
31. Kf2 Kd6 32. Ke3 Rb8 33. b4 Rb7 34. a4 Rb8 35. Kd3 Rb7 36. Kc4 h5 37. b5 cxb5+ 38. axb5 axb5+ 39. Rxb5 Rc7+ 40. Kb4 g4
41. f4 h4 42. g3 hxg3 43. hxg3 Rh7 44. c4 Rh3 45. d5 Rxg3 46. Rb6+ Kd7 47. Rxe6 Rf3 48. Rf6 Rxf4 49. Rg6 Rf1 50. Kc5 Rc1
51. Rg7+ Ke8 52. d6 Kf8 53. Rg5 Ke8 54. Rxf5 g3 55. Rg5 Rc3 56. Kd4 Ra3 57. c5 Kd7 58. Rg7+ Ke8 59. Kd5
1-0

[Event "Autumn Tournament 2014 "]
[Site "SchemingMind.com"]
[Date "2014.10.16"]
[Round "-"]
[White "cirovicz"]
[Black "fanfan_la_Tulipe"]
[Result "0-1"]
[WhiteCountry "SRB"]
[BlackCountry "AUT"]
[WhiteElo "1760"]
[WhiteRD "96"]
[BlackElo "2076"]
[BlackRD "73"]
[GameID "367226"]

1. e4 c5 2. c3 Nf6 3. e5 Nd5 4. Nf3 Nc6 5. Bc4 Nb6 6. b3 e6 7. d4 Nxc4 8. bxc4 cxd4 9. cxd4 Bb4+ 10. Bd2 Qa5
11. O-O O-O 12. a3 Bxd2 13. Qxd2 b6 14. Qxa5 Nxa5 15. Nbd2 Ba6 16. Rac1 Rac8 17. h3 Nxc4 18. Nxc4 Bxc4 19. Rfe1 Bd5 20. Kh2 Bxf3
21. gxf3 Rfd8 22. f4 Kf8 23. Kg3 Ke7 24. Kf3 d5 25. Ke3 Rc4 26. Rxc4 dxc4 27. a4 Rc8 28. Rc1 a6 29. Ke4 b5 30. axb5 axb5
31. d5 exd5+ 32. Kxd5 c3 33. Kd4 b4 34. Rc2 Ke6
0-1

[Event "Autumn Tournament 2014 "]
[Site "SchemingMind.com"]
[Date "2014.10.17"]
[Round "-"]
[White "fanfan_la_Tulipe"]
[Black "cirovicz"]
[Result "1-0"]
[WhiteCountry "AUT"]
[BlackCountry "SRB"]
[WhiteElo "2076"]
[WhiteRD "73"]
[BlackElo "1760"]
[BlackRD "96"]
[GameID "367227"]

1. d4 e6 2. c4 c5 3. d5 d6 4. Nc3 Nf6 5. Nf3 exd5 6. cxd5 Bf5 7. e4 Nxe4 8. Qa4+ Nd7 9. Nxe4 Qe7 10. Bd3 b5
11. Qc2 c4 12. Qe2 cxd3 13. Nxd6+ Kd8 14. Qxe7+ Bxe7 15. Nxf5 Bb4+ 16. Bd2 Re8+ 17. Ne3 Bc5 18. O-O Bxe3 19. Bxe3 Nf6 20. Rfd1 Kc7
21. Rac1+ Kb7 22. Rxd3 Rad8 23. d6 Ne4 24. Rc7+ Kb8 25. Bxa7+ Ka8 26. Ra3 Nxd6 27. Bb6+ Kb8 28. Rc1 Rd7 29. Rac3 Nc4 30. Be3 Nxb2
31. Rb3 Rd1+ 32. Rxd1 Nxd1 33. Rxb5+ Ka8 34. Rb3 Nxe3 35. fxe3 f6 36. Kf2 h5 37. h4
1-0

[Event "Autumn Tournament 2014 "]
[Site "SchemingMind.com"]
[Date "2014.10.16"]
[Round "-"]
[White "cirovicz"]
[Black "bobbassbone"]
[Result "1-0"]
[WhiteCountry "SRB"]
[BlackCountry "ENG"]
[WhiteElo "1760"]
[WhiteRD "96"]
[BlackElo "1590"]
[BlackRD "56"]
[GameID "367228"]

1. e4 c6 2. d4 d5 3. exd5 cxd5 4. Nf3 Nf6 5. Bb5+ Bd7 6. Bxd7+ Qxd7 7. Bf4 e6 8. Ne5 Qd8 9. Nd2 Nbd7 10. c4 Bb4
11. a3 Bxd2+ 12. Qxd2 dxc4 13. Qb4 Nxe5 14. dxe5 Nd5 15. Qxc4 Nxf4 16. Qxf4 O-O 17. O-O Rc8 18. Rfd1= Qb6 19. b4 Rfd8 20. Rac1 h6
21. g3 Rxd1+ 22. Rxd1 Qc6 23. Qd4 Kf8 24. Qxa7 Qc2 25. Qd4 Qc7 26. a4 Ke7 27. b5 Rd8 28. Qh4+ Ke8 29. Rxd8+ Qxd8 30. Qxd8+ Kxd8
31. a5 Kc7 32. f4 b6 33. a6 g6 34. g4
1-0

[Event "Autumn Tournament 2014 "]
[Site "SchemingMind.com"]
[Date "2014.10.16"]
[Round "-"]
[White "bobbassbone"]
[Black "cirovicz"]
[Result "0-1"]
[WhiteCountry "ENG"]
[BlackCountry "SRB"]
[WhiteElo "1590"]
[WhiteRD "56"]
[BlackElo "1760"]
[BlackRD "96"]
[GameID "367229"]

1. d4 g6 2. Bf4 Bg7 3. e3 d5 4. c3 Bf5 5. Nf3 Nd7 6. Qb3 Nb6 7. Nbd2 Nf6 8. Ne5 O-O 9. h3 a5 10. Be2 a4
11. Qd1 a3 12. b3 Ne4 13. Bd3 Nxc3 14. Qc2 Bxd3 15. Qxd3 Ne4 16. Nxe4 dxe4 17. Qxe4 c6 18. O-O Nd5 19. Rac1 Nxf4 20. Qxf4 Bxe5
21. Qxe5 Qd6 22. Qxd6 exd6 23. Rc4 Rfc8 24. Rfc1 d5 25. R4c3 Kf8 26. Kf1 f5 27. h4 Ke7 28. Ke2 Kd6 29. Rd1 c5 30. Rdc1 b6
31. dxc5+ Rxc5 32. b4 Rxc3 33. Rxc3 Ra4 34. Rb3 Kc6 35. Kd3 Kb5 36. Kc3 h6 37. f3 g5 38. Rb1 Ra8 39. Kd4 Rd8 40. hxg5 hxg5
41. Ke5 f4 42. exf4 gxf4 43. Kxf4 d4 44. Ke4 d3 45. Rd1 d2 46. Ke3 Kxb4 47. Rxd2 Re8+ 48. Kd3 Rd8+ 49. Kc2 Rc8+ 50. Kb1 Rg8
51. g4 Kc3 52. Rg2 b5 53. g5 b4 54. f4 Re8 55. Rg1 b3 56. axb3 Kxb3 57. f5 Re2 58. Rg3+ Kb4 59. Rg1 Kb3 60. f6 Rb2+
61. Kc1 Rc2+ 62. Kd1 a2 63. Rg3+ Kb2 64. Ra3 Kxa3 65. f7 Rf2
0-1

[Event "Autumn Tournament 2014 "]
[Site "SchemingMind.com"]
[Date "2014.10.22"]
[Round "-"]
[White "cirovicz"]
[Black "emvarela"]
[Result "1-0"]
[WhiteCountry "SRB"]
[BlackCountry "ARG"]
[WhiteElo "1780"]
[WhiteRD "108"]
[BlackElo "1660"]
[BlackRD "50"]
[GameID "367341"]

1. e4 e5 2. Nf3 Nc6 3. Bb5 a6 4. Bxc6 dxc6 5. d4 exd4 6. Qxd4 Qxd4 7. Nxd4 Bd7 8. c3 Bc5 9. Be3 Bxd4 10. Bxd4 f6
11. O-O Ne7 12. Nd2 O-O-O 13. Nb3 b6 14. f4 c5 15. Be3 Bc6 16. e5 fxe5 17. fxe5 Nd5 18. Bg5 Rde8 19. Rf7 Rxe5 20. Rxg7 h6
21. Bh4 Rhe8 22. c4 Nf4 23. Bg3 Ne2+ 24. Kh1 Nxg3+ 25. hxg3 Re1+ 26. Rxe1 Rxe1+ 27. Kh2 Re2 28. Rg6 Rxg2+ 29. Kh3 Rxb2 30. Rxc6 Rxa2
31. Rxh6 Ra3 32. Nd2 Kb7 33. Kh4 a5 34. g4 a4 35. g5 Rd3 36. Nb1 Rd4+ 37. Kh5 Rd1 38. Nc3 a3 39. g6 Rh1+ 40. Kg5 Rg1+
41. Kf6 Rf1+ 42. Ke7 Rf3 43. g7 Rg3 44. Kf7 Rf3+ 45. Rf6 Rxc3 46. g8=Q a2 47. Qg2+
1-0

[Event "Autumn Tournament 2014 "]
[Site "SchemingMind.com"]
[Date "2014.10.22"]
[Round "-"]
[White "emvarela"]
[Black "cirovicz"]
[Result "1/2-1/2"]
[WhiteCountry "ARG"]
[BlackCountry "SRB"]
[WhiteElo "1700"]
[WhiteRD "51"]
[BlackElo "1755"]
[BlackRD "98"]
[GameID "367342"]

1. e4 c5 2. Nf3 e6 3. d4 cxd4 4. Nxd4 Nc6 5. Nxc6 bxc6 6. Nc3 d5 7. exd5 cxd5 8. Bb5+ Bd7 9. Bxd7+ Qxd7 10. Qf3 Nf6
11. O-O Be7 12. Be3 O-O 13. Bd4 a6 14. Ne2 Ne4 15. Rfd1 Bf6 16. Bxf6 Nxf6 17. Nd4 Rfc8 18. c3 Rab8=
1/2-1/2

[Event "Autumn Tournament 2014 "]
[Site "SchemingMind.com"]
[Date "2014.10.23"]
[Round "-"]
[White "smothered mate"]
[Black "emvarela"]
[Result "0-1"]
[WhiteCountry "POL"]
[BlackCountry "ARG"]
[WhiteElo "1887"]
[WhiteRD "63"]
[BlackElo "1660"]
[BlackRD "50"]
[GameID "367343"]

1. e4 e5 2. Nf3 Nc6 3. Bc4 Bc5 4. b4 Bxb4 5. c3 Bc5 6. O-O d6 7. d4 exd4 8. cxd4 Bb6 9. Qb3 Qf6 10. e5 dxe5
11. dxe5 Nxe5 12. Re1 Be6 13. Rxe5 O-O-O 14. Nbd2 Bxc4 15. Qxc4 Nh6 16. Bb2 Bxf2+ 17. Kxf2 Rxd2+ 18. Kg1 Rxb2 19. Rc1 Qb6+ 20. Kh1 Rb1
21. Ree1 Rxc1 22. Rxc1 f5 23. Nd4 Ng4 24. h3 Nf2+ 25. Kh2 Qd6+ 26. Kg1 Ne4 27. Nb5 Qb6+ 28. Kh2 c5 29. a4 a6 30. Na3 Qc7+
31. Kg1 Rd8 32. Qe6+ Qd7 33. Qb3 Qd4+ 34. Kh1 Nf2+ 35. Kh2 Qf4+ 36. Qg3 Qxc1 37. Nc4 Qh1#
0-1

[Event "Autumn Tournament 2014 "]
[Site "SchemingMind.com"]
[Date "2014.10.23"]
[Round "-"]
[White "emvarela"]
[Black "smothered mate"]
[Result "1-0"]
[WhiteCountry "ARG"]
[BlackCountry "POL"]
[WhiteElo "1679"]
[WhiteRD "50"]
[BlackElo "1823"]
[BlackRD "66"]
[GameID "367344"]

1. e4 c5 2. Nf3 d6 3. d4 cxd4 4. Nxd4 Nf6 5. Nc3 g6 6. Bd3 Bg7 7. Be3 O-O 8. O-O Nc6 9. Nxc6 bxc6 10. Qd2 Bd7
11. Bh6 Qa5 12. Bxg7 Kxg7 13. Rfd1 Rab8 14. b3 Bg4 15. f3 Bd7 16. Ne2 Qxd2 17. Rxd2 c5 18. c4 Bc6 19. Nf4 Nd7 20. Nd5 e6
21. Ne3 g5 22. Rad1 Nb6 23. g4 Rbd8 24. Bc2 Nc8 25. Kf2 Kf6 26. Kg3 Ke5 27. Ng2 Rh8 28. f4+ gxf4+ 29. Nxf4 Rdg8 30. Nd3+ Kf6
31. Rf1+ Ke7 32. Rdf2 Rg7 33. e5 h5 34. exd6+ Nxd6 35. Ne5 Bb7 36. h3 f5 37. Rf4 hxg4 38. hxg4 Rgh7 39. Ng6+ Kf6 40. Nxh8 Rxh8
41. gxf5 Rg8+ 42. Rg4 Rxg4+ 43. Kxg4 Bg2 44. Rf2 Be4 45. fxe6+ Kxe6 46. Bxe4 Nxe4 47. Re2 Ke5 48. Kf3
1-0

[Event "Autumn Tournament 2014 "]
[Site "SchemingMind.com"]
[Date "2014.10.22"]
[Round "-"]
[White "emvarela"]
[Black "Scooter"]
[Result "1-0"]
[WhiteCountry "ARG"]
[BlackCountry "USA"]
[WhiteElo "1695"]
[WhiteRD "49"]
[BlackElo "1778"]
[BlackRD "45"]
[GameID "367345"]

1. e4 c6 2. d4 d5 3. Nc3 dxe4 4. Nxe4 Bf5 5. Ng3 Bg6 6. h4 h6 7. Nf3 Nd7 8. h5 Bh7 9. Bd3 Bxd3 10. Qxd3 Qc7
11. Bd2 Ngf6 12. O-O-O O-O-O 13. c4 e6 14. Ne4 Nxe4 15. Qxe4 Nf6 16. Bf4 Nxe4 17. Bxc7 Nxf2 18. Bxd8 Nxd1 19. Rxd1 Kxd8 20. Ne5 Ke7
21. Rf1 Rg8 22. Rxf7+ Ke8 23. Rxb7 c5 24. Rb8+ Ke7 25. Ng6+ Kf7 26. Rxf8+ Rxf8 27. Nxf8 Kxf8 28. dxc5
1-0

[Event "Autumn Tournament 2014 "]
[Site "SchemingMind.com"]
[Date "2014.10.22"]
[Round "-"]
[White "Scooter"]
[Black "emvarela"]
[Result "1-0"]
[WhiteCountry "USA"]
[BlackCountry "ARG"]
[WhiteElo "1731"]
[WhiteRD "44"]
[BlackElo "1693"]
[BlackRD "51"]
[GameID "367346"]

1. d4 c5 2. Nf3 e6 3. Bf4 cxd4 4. Qxd4 Nc6 5. Qd1 d5 6. e3 Bd6 7. Bxd6 Qxd6 8. c3 Nf6 9. Bb5 Bd7 10. O-O O-O
11. Nbd2 a6 12. Ba4 b5 13. Bc2 e5 14. h3 e4 15. Nxe4 Nxe4 16. Bxe4 Be6 17. Ng5 g6 18. Nxe6 fxe6 19. Bf3 Ne5 20. Be2 Rad8
21. Qc2 Nc4 22. Rfd1 Qb6 23. Bxc4 bxc4 24. Rab1 Rf6 25. Rd4 Rdf8 26. f3 Qd6 27. Rbd1 Qg3 28. Rg4 Qd6 29. Rxc4 Qb6 30. Rcd4 e5
31. Rxd5 Qxe3+ 32. Qf2 Qg5 33. Rd8 Kg7 34. Rxf8 Rxf8 35. Rd7+ Rf7 36. Rxf7+ Kxf7 37. Qa7+ Kg8 38. Qxa6 Qc1+ 39. Qf1 Qxb2 40. Qc4+ Kg7
41. a4 Qc1+ 42. Kh2 Qe3 43. a5 Qa7 44. a6 Kf6 45. Qc6+
1-0

[Event "Autumn Tournament 2014 "]
[Site "SchemingMind.com"]
[Date "2014.10.23"]
[Round "-"]
[White "emvarela"]
[Black "fanfan_la_Tulipe"]
[Result "0-1"]
[WhiteCountry "ARG"]
[BlackCountry "AUT"]
[WhiteElo "1695"]
[WhiteRD "49"]
[BlackElo "2095"]
[BlackRD "74"]
[GameID "367347"]

1. e4 c5 2. Nf3 e6 3. d4 cxd4 4. Nxd4 a6 5. Nc3 Qc7 6. Be2 Nf6 7. O-O Bb4 8. Qd3 Nc6 9. Nxc6 bxc6 10. Bd2 O-O
11. a3 Be7 12. b4 d5 13. exd5 cxd5 14. Bf3 Bb7 15. Ne2 Rac8 16. Rac1 e5 17. Nc3 e4 18. Bxe4 dxe4
0-1

[Event "Autumn Tournament 2014 "]
[Site "SchemingMind.com"]
[Date "2014.10.22"]
[Round "-"]
[White "fanfan_la_Tulipe"]
[Black "emvarela"]
[Result "1-0"]
[WhiteCountry "AUT"]
[BlackCountry "ARG"]
[WhiteElo "2104"]
[WhiteRD "74"]
[BlackElo "1693"]
[BlackRD "51"]
[GameID "367348"]

1. d4 d5 2. c4 dxc4 3. Nf3 Nf6 4. Nc3 c6 5. a4 e6 6. Bg5 Bb4 7. e4 Bxc3+ 8. bxc3 h6 9. Bh4 g5 10. Nxg5 hxg5
11. Bxg5 Rg8 12. Bh4 Qa5 13. Bxf6 Qxc3+ 14. Ke2 Qb2+ 15. Ke3 Qc3+ 16. Ke2 Qb2+ 17. Ke1 Qc3+ 18. Ke2 Nd7 19. Be5 Nxe5 20. dxe5 Qxe5
21. f3 Bd7 22. Rb1 b5 23. Qc2 f5 24. g3 fxe4 25. fxe4 a6 26. Bg2 Rd8 27. Rhf1 Ke7 28. Rbd1 Qh5+ 29. Bf3 Qxh2+ 30. Rf2 Qxg3
31. Qc3 Qg7 32. Qb4+ Ke8 33. Bh5+
1-0

[Event "Autumn Tournament 2014 "]
[Site "SchemingMind.com"]
[Date "2014.10.22"]
[Round "-"]
[White "emvarela"]
[Black "bobbassbone"]
[Result "1-0"]
[WhiteCountry "ARG"]
[BlackCountry "ENG"]
[WhiteElo "1700"]
[WhiteRD "51"]
[BlackElo "1566"]
[BlackRD "55"]
[GameID "367349"]

1. e4 c6 2. d4 d5 3. Nc3 dxe4 4. Nxe4 e6 5. c4 Bb4+ 6. Bd2 Bxd2+ 7. Qxd2 Nf6 8. Nxf6+ Qxf6 9. Nf3 Nd7 10. Bd3 b6
11. O-O c5 12. Be4 Rb8 13. dxc5 Nxc5 14. Bc6+ Ke7 15. Rfd1 Bb7 16. Qd6#
1-0